000 00289nam a22001337a 4500
008 181105b xxu||||| |||| 00| 0 eng d
020 _a9780201286526
041 _aeng
080 _a531
100 _a43
101 _aFIZ
245 _aConceptuar Physics
_cHewitt, P.G
942 _2udc
_cBK
999 _c51903
_d51903